Loading...
| Religion | 0 | 4 | 0 | 1 | 40 | 66 | 85.50 | 0 | 1 | 0.00 | 0.00 |
| Painting/Sculpture | 0 | 3 | 0 | 0 | 30 | 84 | 97.67 | 0 | 1 | 0.00 | 0.00 |
| Current Events | 0 | 3 | 0 | 1 | 30 | 53 | 83.00 | 0 | 1 | 0.00 | 0.00 |
| Science - Other | 0 | 3 | 0 | 0 | 30 | 33 | 49.00 | 1 | 2 | 0.00 | 0.00 |
| History - European | 0 | 3 | 0 | 3 | 30 | 73 | 96.33 | 0 | 0 | 0.00 | 0.00 |
| History - Other | 0 | 3 | 0 | 1 | 30 | 95 | 104.33 | 0 | 0 | 0.00 | 0.00 |
| Social Science | 0 | 3 | 1 | 1 | 25 | 42 | 73.00 | 0 | 1 | 0.00 | 0.00 |
| Fine Arts - Classical Music | 0 | 3 | 1 | 1 | 25 | 83 | 93.33 | 0 | 0 | 0.00 | 0.00 |
| Fine Arts - Other | 0 | 2 | 0 | 2 | 20 | 108 | 114.00 | 0 | 0 | 0.00 | 0.00 |
| Literature - European | 0 | 2 | 0 | 0 | 20 | 116 | 120.50 | 0 | 0 | 0.00 | 0.00 |
| Mythology | 0 | 2 | 0 | 0 | 20 | 106 | 115.00 | 0 | 0 | 0.00 | 0.00 |
| Literature - American | 0 | 2 | 0 | 0 | 20 | 99 | 107.00 | 0 | 1 | 0.00 | 0.00 |
| Philosophy | 0 | 2 | 0 | 0 | 20 | 70 | 95.00 | 0 | 0 | 0.00 | 0.00 |
| Literature - World | 0 | 2 | 1 | 1 | 15 | 100 | 109.50 | 0 | 1 | 0.00 | 0.00 |
| Pop Culture | 0 | 1 | 0 | 1 | 10 | 114 | 114.00 | 0 | 0 | 0.00 | 0.00 |
| History - World | 0 | 1 | 0 | 0 | 10 | 42 | 42.00 | 1 | 1 | 0.00 | 0.00 |
| Science - Chemistry | 0 | 1 | 0 | 1 | 10 | 75 | 75.00 | 0 | 0 | 0.00 | 0.00 |
| History - American | 0 | 1 | 1 | 1 | 5 | 75 | 75.00 | 0 | 0 | 0.00 | 0.00 |
| Literature - British | 0 | 0 | 1 | 0 | -5 | 0.00 | 0 | 0 | 0.00 | 0.00 | |
| Science - Biology | 0 | 0 | 1 | 0 | -5 | 0.00 | 0 | 0 | 0.00 | 0.00 |